000
00377nam a2200133Ia 4500
008
151001s9999||||xx |||||||||||||| ||und||
100
_a
जगन्नाथ कुंटे
245
_a
नित्य निरंजन
250
_a
11
260
_b
"प्राजक्त प्रकाशन, पुणे "
260
_c
2013
300
_a
224
365
_b
21
999
_c
1002017
_d
1002014